|
|
|
|
| LEADER |
01372nam a22003614a 4500 |
| 001 |
EBC242644 |
| 003 |
MiAaPQ |
| 005 |
20200520144314.0 |
| 006 |
m o d | |
| 007 |
cr cn||||||||| |
| 008 |
030310s2003 enk sb 001 0 eng |
| 010 |
|
|
|z 2003046348
|
| 020 |
|
|
|z 0719059089 (hc.)
|
| 020 |
|
|
|z 0719059097 (pbk.)
|
| 035 |
|
|
|a (MiAaPQ)EBC242644
|
| 035 |
|
|
|a (Au-PeEL)EBL242644
|
| 035 |
|
|
|a (CaPaEBR)ebr10076803
|
| 035 |
|
|
|a (CaONFJC)MIL73400
|
| 035 |
|
|
|a (OCoLC)58471390
|
| 040 |
|
|
|a MiAaPQ
|c MiAaPQ
|d MiAaPQ
|
| 050 |
|
4 |
|a JA66
|b .P614 2003
|
| 082 |
0 |
4 |
|a 320/.01
|2 21
|
| 245 |
0 |
0 |
|a Political concepts
|h [electronic resource] /
|c edited by Richard Bellamy and Andrew Mason.
|
| 260 |
|
|
|a Manchester, UK ;
|a New York :
|b Manchester University Press :
|b Distributed exclusively in the USA by Palgrave,
|c 2003.
|
| 300 |
|
|
|a viii, 245 p.
|
| 504 |
|
|
|a Includes bibliographical references (p. [225]-238) and index.
|
| 533 |
|
|
|a Electronic reproduction. Ann Arbor, MI : ProQuest, 2015. Available via World Wide Web. Access may be limited to ProQuest affiliated libraries.
|
| 650 |
|
0 |
|a Political science.
|
| 655 |
|
4 |
|a Electronic books.
|
| 700 |
1 |
|
|a Bellamy, Richard
|q (Richard Paul)
|
| 700 |
1 |
|
|a Mason, Andrew,
|d 1959-
|
| 710 |
2 |
|
|a ProQuest (Firm)
|
| 856 |
4 |
0 |
|u https://ebookcentral.proquest.com/lib/matrademy/detail.action?docID=242644
|z Click to View
|